000 00408 a2200145 4500
005 20260314083028.0
020 _a0780415471183
100 _aDAYMON,C
245 _aQualitive Research Methods in Public Relations and Marketing Communications
250 _a2nd Ed.
260 _aNew York
_bRoutledge
_c2011
300 _axi,397p;ill;table
_bReference and Index
_c23cm
700 _aHOLLOWAY,I
942 _2ddc
_cBKS
999 _c6824
_d6824